000 00337nam a2200145Ia 4500
008 210210b1955 xxu||||| |||| 00| 0 eng d
082 _a574.5 LIFW
100 _aLIFE MAGAZINE.
245 _aWorld we live in.2V.V2.
260 _aNY
_bTime Incorporated
_c1955
300 _a210
650 _aLife
690 _aEcology
906 _a030114
999 _c81305
_d81305